Statistiques concernant Les capitales les moins peuplées

Cliquez ici pour prendre le quiz!

Statistiques générales

  • Ce quiz a été pris 42 fois
  • Le résultat moyen est 7 sur 18

Statistiques - réponses

HintRéponse% Correct
453Vatican
92%
22615Andorre-la-Vieille
82%
4040Saint-Marin
76%
5701Vaduz
74%
5827La Valette
42%
6320Funafuti
32%
12904Castries
29%
13220Basseterre
26%
12909Kingstown
26%
6227Palikir
26%
16577Roseau
26%
21926Saint John's
26%
4315Saint-Georges
24%
24701Victoria
24%
24571Nuku'alofa
21%
17222Belmopan
13%
400Melekeok
13%
20301Delap-Uliga-Darrit
3%

Distribution des résultats

Percentile par nombre de réponses

% des personnes avec chaque résultat

Votre développement - résultats

Vous n’avez pas pris ce quiz